[Event "NED-ch U14"]
[Site "Almelo"]
[Date "2023.05.05"]
[Round "8"]
[White "Lopes, Samuel"]
[Black "Wortman, Rawi"]
[Result "1/2-1/2"]
[WhiteElo "1865"]
[BlackElo "1668"]
[PlyCount "39"]
[EventDate "2023.04.30"]
[EventType "swiss"]
[EventRounds "9"]
[EventCountry "NED"]
[SourceTitle "CBM 214 Extra"]
[Source "ChessBase"]
[SourceDate "2023.07.31"]
[SourceVersion "1"]
[SourceVersionDate "2023.07.31"]
[SourceQuality "1"]

1. e4 c5 2. Nf3 d6 3. Bb5+ Bd7 4. c4 Nc6 5. Nc3 Nf6 6. 0-0 g6 7. h3 Bg7 8. Rb1 a6 9. Bxc6 Bxc6 10. d3 0-0 11. a4 Qd7 12. Re1 b6 13. Bd2 Rfb8 14. Qc2 Ne8 15. b3 Nc7 16. Re2 b5 17. axb5 axb5 18. cxb5 Nxb5 19. Nxb5 Bxb5 20. Bc3 1/2-1/2

[Event "NED-ch U14"]
[Site "Almelo"]
[Date "2023.05.01"]
[Round "2"]
[White "Rooijakkers, Liam"]
[Black "Wortman, Rawi"]
[Result "0-1"]
[WhiteElo "1322"]
[BlackElo "1668"]
[PlyCount "56"]
[EventDate "2023.04.30"]
[EventType "swiss"]
[EventRounds "9"]
[EventCountry "NED"]
[SourceTitle "CBM 214 Extra"]
[Source "ChessBase"]
[SourceDate "2023.07.31"]
[SourceVersion "1"]
[SourceVersionDate "2023.07.31"]
[SourceQuality "1"]

1. e4 c5 2. Nc3 d6 3. f4 Nc6 4. Bc4 Nf6 5. Nf3 e6 6. Bb5 Bd7 7. Bxc6 Bxc6 8. d3 Be7 9. 0-0 0-0 10. Qe1 Qc7 11. Qg3 b5 12. Be3 d5 13. exd5 Nxd5 14. Nxd5 Bxd5 15. Kh1 Bf6 16. c3 b4 17. c4 Bxf3 18. Qxf3 Bxb2 19. Rab1 Bc3 20. Qh5 Rac8 21. Rf3 g6 22. Qh4 Qd8 23. Qxd8 Rfxd8 24. Bf2 Rd6 25. Rd1 Ra6 26. d4 cxd4 27. Bxd4 Rd8 28. Rfd3 Rad6 0-1